00483 2200181 4500001002100000005001700021006001900038008004100057020001700098035002500115041000700140082001100147090001700158100002900175245004000204260003900244300001800283INLIS00000000000326020140227132008.0a ||| | 180719| ||| | id  a979-518-7430 a0010-031300000003260 aid0 a641.33 a641.33 NUR s0 aDR. Ir. Hj. Tati Nurmala00aSerealia : Sumber Karbohidrat Utama aBandungbLibraries Unlimitedc2003 a93 hal, 20 cm